La metamorfosis

Zapisane w:
Opis bibliograficzny
1. autor: Kafka, Franz
Format: Książka
Język:Undetermined
Wydane: San José, Costa Rica Alma Mater 1987
Hasła przedmiotowe:
Etykiety: Dodaj etykietę
Nie ma etykietki, Dołącz pierwszą etykiete!

MARC

LEADER 00000nam a2200000Ia 4500
008 170316s9999 xx 000 0 und d
040 |a cru BVZT 
090 |a 830 K-1m 
100 |a Kafka, Franz 
245 |a La metamorfosis 
260 |a San José, Costa Rica 
260 |b Alma Mater 
260 |c 1987 
300 |a 123 páginas 
650 |a LITERATURA ALEMANA 
999 |c 7376  |d 7376 
942 |c 15 D  |h 830 K-1m  |2 z